<?xml version="1.0" encoding="UTF-8"?>
<record
    xmlns:xsi="http://www.w3.org/2001/XMLSchema-instance"
    xsi:schemaLocation="http://www.loc.gov/MARC21/slim http://www.loc.gov/standards/marcxml/schema/MARC21slim.xsd"
    xmlns="http://www.loc.gov/MARC21/slim">

  <leader>02115nim a2200409 i 4500</leader>
  <controlfield tag="001">197320</controlfield>
  <controlfield tag="003">ES-MaACL</controlfield>
  <controlfield tag="005">20260220164319.0</controlfield>
  <controlfield tag="007">ss lsnjlcipnne</controlfield>
  <controlfield tag="008">190525s1991    sp nnnn  |||| 00|   spa d</controlfield>
  <datafield tag="040" ind1=" " ind2=" ">
    <subfield code="b">spa</subfield>
    <subfield code="c">ES-MaACL</subfield>
  </datafield>
  <datafield tag="245" ind1="0" ind2="0">
    <subfield code="a">Cronil&#xED;ricas de Aurora de Albornoz y El oro de Mallorca de Rub&#xE9;n Dar&#xED;o</subfield>
    <subfield code="h">[Grabaci&#xF3;n sonora] :</subfield>
    <subfield code="b">presentaci&#xF3;n de los libros de la Colecci&#xF3;n Devenir /</subfield>
    <subfield code="c">intervienen Pureza Canelo, Jos&#xE9; Luis Cano, Teodosio Fern&#xE1;ndez, Jos&#xE9; Ram&#xF3;n Ripoll y Fanny Rubio ; presenta Miguel Losada</subfield>
  </datafield>
  <datafield tag="260" ind1=" " ind2=" ">
    <subfield code="a">Madrid : </subfield>
    <subfield code="b">Ateneo de Madrid, </subfield>
    <subfield code="c">1991</subfield>
  </datafield>
  <datafield tag="300" ind1=" " ind2=" ">
    <subfield code="a">1 casete (ca. 90 min) :</subfield>
    <subfield code="b">son. ;</subfield>
    <subfield code="c">11 cm</subfield>
  </datafield>
  <datafield tag="490" ind1="1" ind2=" ">
    <subfield code="3">Actos culturales en el Ateneo de Madrid</subfield>
  </datafield>
  <datafield tag="511" ind1=" " ind2=" ">
    <subfield code="a">Intervienen Pureza Canelo, poetisa; Jos&#xE9; Luis Cano, escritor; Teodosio Fern&#xE1;ndez, autor; Jos&#xE9; Ram&#xF3;n Ripoll, escritor y poeta; y Fanny Rubio, investigadora y escritora. Modera Miguel Losada.</subfield>
  </datafield>
  <datafield tag="518" ind1=" " ind2=" ">
    <subfield code="a">Grabado el 22 de febrero de 1991 en el Sal&#xF3;n de Actos del Ateneo de Madrid.</subfield>
  </datafield>
  <datafield tag="520" ind1=" " ind2=" ">
    <subfield code="a">Presentaci&#xF3;n de los libros de la Colecci&#xF3;n Devenir "Cronil&#xED;ricas" de Aurora de Albornoz y "El oro de Mallorca" de Rub&#xE9;n Dar&#xED;o, en el LII aniversario de la muerte de Antonio Machado. </subfield>
  </datafield>
  <datafield tag="540" ind1=" " ind2=" ">
    <subfield code="a">Documento in&#xE9;dito</subfield>
  </datafield>
  <datafield tag="594" ind1=" " ind2=" ">
    <subfield code="5">Datos basados en la invitaci&#xF3;n.</subfield>
  </datafield>
  <datafield tag="600" ind1=" " ind2="0">
    <subfield code="a">&#xC1;lbornoz, Aurora de, </subfield>
    <subfield code="d">1926-1990.</subfield>
    <subfield code="t">Cronil&#xED;ricas</subfield>
    <subfield code="9">240545</subfield>
  </datafield>
  <datafield tag="600" ind1=" " ind2=" ">
    <subfield code="a">Dar&#xED;o, Rub&#xE9;n.</subfield>
    <subfield code="t">El oro de Mallorca</subfield>
    <subfield code="9">240546</subfield>
  </datafield>
  <datafield tag="610" ind1="2" ind2="0">
    <subfield code="a">Ateneo de Madrid-</subfield>
    <subfield code="x">Actos culturales-</subfield>
    <subfield code="y">1991-</subfield>
    <subfield code="v">Grabaciones sonoras</subfield>
    <subfield code="9">240452</subfield>
  </datafield>
  <datafield tag="653" ind1=" " ind2=" ">
    <subfield code="a">Archivo de la palabra</subfield>
  </datafield>
  <datafield tag="700" ind1="1" ind2=" ">
    <subfield code="a">Losada, Miguel</subfield>
    <subfield code="e">mod</subfield>
    <subfield code="9">74261</subfield>
  </datafield>
  <datafield tag="700" ind1="1" ind2=" ">
    <subfield code="9">34483</subfield>
    <subfield code="a">Canelo, Pureza,</subfield>
    <subfield code="d">1946-</subfield>
    <subfield code="e">ora</subfield>
  </datafield>
  <datafield tag="700" ind1="1" ind2=" ">
    <subfield code="9">34532</subfield>
    <subfield code="a">Cano, Jos&#xE9; Luis,</subfield>
    <subfield code="d">1912-1999</subfield>
    <subfield code="e">ora</subfield>
  </datafield>
  <datafield tag="700" ind1="0" ind2=" ">
    <subfield code="9">49431</subfield>
    <subfield code="a">Fern&#xE1;ndez, Teodosio</subfield>
    <subfield code="e">ora</subfield>
  </datafield>
  <datafield tag="700" ind1="0" ind2=" ">
    <subfield code="9">97427</subfield>
    <subfield code="a">Ripoll, Jos&#xE9; Ram&#xF3;n,</subfield>
    <subfield code="d">1952-</subfield>
    <subfield code="e">ora</subfield>
  </datafield>
  <datafield tag="700" ind1="1" ind2=" ">
    <subfield code="9">100343</subfield>
    <subfield code="a">Rubio, Fanny,</subfield>
    <subfield code="d">1949-</subfield>
    <subfield code="e">ora</subfield>
  </datafield>
  <datafield tag="710" ind1="2" ind2=" ">
    <subfield code="9">1875</subfield>
    <subfield code="a">Ateneo de Madrid</subfield>
    <subfield code="e">his</subfield>
  </datafield>
  <datafield tag="830" ind1=" " ind2="0">
    <subfield code="a">Actos culturales en el Ateneo de Madrid</subfield>
    <subfield code="9">240237</subfield>
  </datafield>
  <datafield tag="852" ind1=" " ind2=" ">
    <subfield code="a">ES-MaACL</subfield>
    <subfield code="c">DEPOZ</subfield>
    <subfield code="9">205611</subfield>
  </datafield>
  <datafield tag="942" ind1=" " ind2=" ">
    <subfield code="2">udc</subfield>
    <subfield code="n">0</subfield>
    <subfield code="c">CINTASAUD</subfield>
  </datafield>
  <datafield tag="999" ind1=" " ind2=" ">
    <subfield code="c">197320</subfield>
    <subfield code="d">197320</subfield>
  </datafield>
  <datafield tag="952" ind1=" " ind2=" ">
    <subfield code="0">0</subfield>
    <subfield code="1">0</subfield>
    <subfield code="2">udc</subfield>
    <subfield code="4">0</subfield>
    <subfield code="7">0</subfield>
    <subfield code="8">archivo_palabra</subfield>
    <subfield code="a">ATENEOM</subfield>
    <subfield code="b">ATENEOM</subfield>
    <subfield code="c">DEPOZ</subfield>
    <subfield code="d">2025-05-19</subfield>
    <subfield code="l">0</subfield>
    <subfield code="o">AP/1230 bis</subfield>
    <subfield code="p">2025-0355</subfield>
    <subfield code="r">2025-05-19 00:00:00</subfield>
    <subfield code="w">2025-05-19</subfield>
    <subfield code="y">CINTASAUD</subfield>
  </datafield>
</record>
